Biggest south american countries in 30 seconds - Statistics

General Stats
  • This quiz has been taken 15 times
  • The average score is 9 of 10
Answer Stats
Hint Answer % Correct
2 Argentina
100%
1 Brazil
100%
7 Chile
100%
4 Colombia
100%
3 Peru
100%
5 Bolivia
92%
6 Venezuela
92%
8 Paraguay
83%
9 Ecuador
58%
10 Guyana
58%
No matching quizzes found
Score Distribution
Percent of People with Each Score
Percentile by Number Answered
Your Score History
You have not taken this quiz